000 01246cam a2200289 a 4500
999 _c329841
_d329841
001 3920399
003 NUST
005 20170523144633.0
008 921102r19911890pk ab 000 0 eng
010 _a 91931050
020 _cRs1000.00
040 _aDLC
_cDLC
043 _aa-ii---
050 0 0 _aDS485.K22
_bG39 1991
082 0 0 _a915.4913 GAZ
_220
245 0 0 _aGazetteer of Kashmir and Ladak :
_btogether with routes in the territories of the Maharaja of Jam[m]u and Kashmir /
_ccompiled under the direction of the Quarter Master General in india.
260 _aLahore, Pakistan :
_bSang-e-Meel Publications,
_c1991.
300 _a871, 218 p. :
_bill., maps ;
_c25 cm.
500 _aIncludes a reproduction of original t.p.
500 _aOriginally published: Calcutta : Superintendent of Govt. Printing, 1890.
500 _aFor requesting libraries only.
651 0 _aJammu and Kashmir (India)
_xGazetteers.
_91366
651 0 _aLadākh (India)
_xGazetteers.
_91367
710 1 _aIndia.
_bQuarter Master General's Department.
_bIntelligence Branch.
_91368
906 _a7
_bcbc
_corignew
_d2
_encip
_f19
_gy-gencatlg
942 _2ddc
_cBK